Arrêts de la ligne C13 de Lyon (TCL) - Statistiques

Statistiques générales
  • Ce quiz a été pris 107 fois
  • Le résultat moyen est 16 sur 41
Statistiques - réponses
Lieu de résidence Arrêts % Correct
Lyon 3e Grange Blanche
90%
Lyon 2e Cordeliers
81%
Lyon 1er Hôtel de Ville Louis Pradel
69%
Lyon 1er/4e Croix-Rousse
68%
Lyon 3e Gare Part-Dieu Vivier Merle
68%
Caluire-et-Cuire Cuire
62%
Lyon 4e Mairie du 4e
62%
Lyon 3e Saxe - Lafayette
60%
Lyon 1er Mairie du 1er
59%
Lyon 4e Les Esses
57%
Lyon 6e Halles Paul Bocuse
56%
Caluire-et-Cuire Montessuy Gutenberg
56%
Lyon 1er/4e Clos Jouve
54%
Lyon 1er Rouville
54%
Lyon 3e Dauphiné - Lacassagne
53%
Lyon 3e La Villette
46%
Lyon 3e Rouget de l'Isle
46%
Lyon 4e Hôpital Croix-Rousse
44%
Lyon 6e (dir. GB) Part-Dieu Jules Favre
43%
Lyon 3e Place Henri
41%
Lyon 3e Part-Dieu Renaudel
40%
Lyon 1er Duroc
37%
Lyon 3e Domrémy - Lacassagne
35%
Lyon 1er Terreaux - Tobie Robatel
35%
Lyon 1er La Poudrière
32%
Lyon 6e Part-Dieu - Servient
29%
Lyon 4e Austerlitz
28%
Caluire-et-Cuire Fort de Montessuy
22%
Lyon 3e Feuillat - Lacassagne
21%
Lyon 4e (dir. GB) Ivry
21%
Caluire-et-Cuire Mailly
21%
Lyon 4e Place Bertone
21%
Caluire-et-Cuire Soeur Vially
21%
Lyon 3e Jean Bart
19%
Caluire-et-Cuire Clos de la Jeunesse
18%
Caluire-et-Cuire Margnolles - Pasteur
16%
Caluire-et-Cuire Montessuy Hauts de Saint-Clair
16%
Caluire-et-Cuire Carette
15%
Lyon 4e (dir. GB) Pailleron
15%
Lyon 4e Place Cdt Arnaud
12%
Lyon 4e (dir. GB) J. Ambre Hôpitalentrée piéton
6%
Aucun quiz correspondant
Distribution des résultats
% des personnes avec chaque résultat
Percentile par nombre de réponses
Votre historique - résultats
Vous n’avez pas pris ce quiz